000 01284nam a2200301Ka 4500
008
020 _a0797417583 (pbk.)
049 _aMAIN
090 _aHQ1802.5
100 1 _aHlanze, Zakhe.
245 1 0 _aBeyond inequalities :
_bwomen in Swaziland : a profile of women in Swaziland /
_cproduced by the WLSA Swaziland and the Women In Development Southern Africa Awareness (WIDSAA) programme of the Southern African Research and Documentation Centre (SARDC) ; written by Zakhe Hlanze and Lolo Mkhabela.
246 1 3 _aWomen in Swaziland.
260 _aMbabane :
_bWLSA,
_cc1998.
300 _a64 p. :
_btables. ;
_c24 cm.
440 0 _aBeyond inequalities.
504 _aIncludes bibliographical references.
650 0 _aWomen
_zSwaziland
_xSocial conditions.
650 0 _aWomen
_zSwaziland
_xEconomic conditions.
650 0 _aWomen in development
_zSwaziland.
650 0 _aWomen
_xGovernment policy
_zSwaziland.
710 2 _aWomen and Law in Southern Africa Research Trust.
710 2 _aSouthern African Research and Documentation Centre.
_bWomen in Development Southern Africa Awareness.
907 _a.b10206607
_b06-07-06
_c05-07-06
003
005 20230123134224.0
040 _cNUST
942 _cBOOKS
_kHQ1802.5
999 _c162155
_d162155